000 00530nam a2200181Ia 4500
999 _c35063
_d35063
003 OSt
005 20200212144422.0
008 190216s9999||||xx |||||||||||||| ||und||
020 _a9789382934653
040 _coclc
082 _a970
_bGAN/R
100 _aGangadharan, C V
_91942
245 0 _aRed Indians American Adivasikalude Durithakalangal /
_cC V Gangadharan
260 _bOlive Publications,
_c2014.
_aKozhikode:
300 _a98p
650 _xHistory
942 _cBK
_2ddc
_h970
_iGAN/R
_k970
_mGAN/R